Đánh giá khả năng chịu mặn và ảnh hưởng phân kali đến sự sinh trưởng, năng suất của các giống lúa mùa tại tỉnh Cà Mau : Luận văn Thạc sĩ Khoa học chuyên ngành Phát triển nông thôn

Phương pháp chọn các giống lúa mùa có khả năng chịu mặn cao và xác định lượng phân Kali có hiệu quả đối với các giống lúa mùa ở điều kiện đất nhiễm mặn; trong điều kiện ngoài đồng, mức bón phân Kali có ảnh hưởng đến khả năng chịu ma...

ver descrição completa

Na minha lista:
Detalhes bibliográficos
Autor principal: Lâm, Văn Lĩnh
Formato: Livro
Idioma:Undetermined
Publicado em: Cần Thơ Trường Đại học Cần Thơ 2011
Assuntos:
Tags: Adicionar Tag
Sem tags, seja o primeiro a adicionar uma tag!
Thư viện lưu trữ: Trung tâm Học liệu Trường Đại học Cần Thơ
LEADER 01412nam a2200229Ia 4500
001 CTU_169916
008 210402s9999 xx 000 0 und d
082 |a 633.18 
082 |b L312 
088 |a 60620116 
100 |a Lâm, Văn Lĩnh 
245 0 |a Đánh giá khả năng chịu mặn và ảnh hưởng phân kali đến sự sinh trưởng, năng suất của các giống lúa mùa tại tỉnh Cà Mau : 
245 0 |b Luận văn Thạc sĩ Khoa học chuyên ngành Phát triển nông thôn 
245 0 |c Lâm Văn Lĩnh ; Vũ Anh Pháp ( Người hướng dẫn khoa học) 
260 |a Cần Thơ 
260 |b Trường Đại học Cần Thơ 
260 |c 2011 
520 |a Phương pháp chọn các giống lúa mùa có khả năng chịu mặn cao và xác định lượng phân Kali có hiệu quả đối với các giống lúa mùa ở điều kiện đất nhiễm mặn; trong điều kiện ngoài đồng, mức bón phân Kali có ảnh hưởng đến khả năng chịu mặn và năng suất của các giống lúa thí nghiệm là 30kg/ha sẽ cho hiệu quả cao nhất. 
650 |a Lúa,Lúa,Rice,Rice 
650 |x Giống,Varieties 
904 |i Lan Anh 
980 |a Trung tâm Học liệu Trường Đại học Cần Thơ